000 00641nam a22002297a 4500
005 20170124110001.0
010 _aA-689013
020 _c00.00
_a8185604010
035 _aA-689013
037 _bCen Lib/Ret
040 _aDPL
_bEN
082 _a362.83
_bSTR
245 _aThe struggle against violence /
_cedited by Chhaya Datar
246 _b
260 _bMandira sen for stree
_aCalcutta
_c1993
270 _bCalcutta
_a16, Southern avenue
300 _a198p.
_c21cm(Hb)
650 _aSocial problems
_987383
650 _aViolence
_915428
700 _aDatar, Chhaya
_915708
942 _2ddc
_cEN
_h362.83
_mSTR
999 _c125848
_d125848